| Tag |
First Indicator |
Second Indicator |
Subfields |
| LEADER |
00000nam a2200000 4500 |
| 001 |
in00004282721 |
| 005 |
20200813075058.0 |
| 006 |
m g d |
| 007 |
cr bn |||a|bb| |
| 008 |
930222s1656 enk o 00| | eng d |
| 035 |
|
|
|a (UnM)99862802
|
| 037 |
|
|
|a CL0051000004
|b ProQuest Information and Learning. 300 N. Zeeb Rd., Ann Arbor, MI 48106
|
| 040 |
|
|
|a Cu-RivES
|c Cu-RivES
|d Uk-ES
|d CStRLIN
|e dcrb
|d WaOLN
|
| 100 |
1 |
|
|a Hollister, Dennis,
|d d. 1676?
|
| 245 |
1 |
4 |
|a The skirts of the whore discovered, and the mingled people in the midst of her. :
|b In a letter sent by Denys Hollister to the independent baptiz'd people, who call themselves a Church of Christ in Bristol, but are found to be a synagogue of Satan, in answer to a charge brought to him from them by some of their members, and by him ... published. Together with another letter written by him to Thomas Ewens, a teacher among them, ... referring to his speaking among his people of having Sarah Latchet a servant of Jesus, once a member among the Baptists, sent to Bridewell, and whipt for testifying to them in the name of the Lord in their meeting the second day of the ninth moneth. 1655. And likewise an answer to 16 antiqueries directed to the people called Quakers, which answer was sent to Thomas Ewens, from whom the antiqueries were received, though Iohn Pendarviss a long time after published the antiqueries by the name of Queries, without the answer to them, or taking the least notice of it in a book entituled Arrows against Babylon which hath occasiond the presenting of the one, and the other, now to the view of those who read, and understand, to judge of the whole, and of their unfaire and deceitfull dealing.
|
| 260 |
|
|
|a London, :
|b Printed for Giles Calvert, and are to be sold at his shop at the sign of the Black-Spread-Eagle at the west-end of Pauls.,
|c 1656.
|
| 300 |
|
|
|a 1 online resource ([4], 4, 9-31, [4], 32-34 pages)
|
| 336 |
|
|
|a text
|b txt
|2 rdacontent
|
| 337 |
|
|
|a computer
|b c
|2 rdamedia
|
| 338 |
|
|
|a online resource
|b cr
|2 rdacarrier
|
| 500 |
|
|
|a Partly a reply to: Pendarves, John. Arrowes against Babylon.
|
| 500 |
|
|
|a The words "in a book .. Babylon" are enclosed in square brackets on title page.
|
| 500 |
|
|
|a The pages following pages 31 are numbered 18, 29, 28, 25.
|
| 500 |
|
|
|a Annotation on Thomason copy: "Decemb: 3d".
|
| 500 |
|
|
|a Reproduction of the original in the British Library.
|
| 510 |
4 |
|
|a Wing (2nd edition)
|c H2508.
|
| 510 |
4 |
|
|a Thomason
|c E.896[3].
|
| 533 |
|
|
|a Electronic reproduction.
|b Ann Arbor, Mich. :
|c UMI,
|d 1999-
|f (Early English books online)
|n Digital version of: (Thomason Tracts ; 135:E896[3])
|7 s1999 miun s
|
| 600 |
1 |
0 |
|a Pendarves, John,
|d 1622-1656.
|t Arrowes against Babylon
|v Early works to 1800.
|
| 600 |
1 |
0 |
|a Ewens, Thomas
|v Early works to 1800.
|
| 600 |
1 |
0 |
|a Latchet, Sarah.
|
| 650 |
|
0 |
|a Dissenters, Religious
|z England
|z Bristol
|v Early works to 1800.
|
| 830 |
|
0 |
|a Early English books online.
|
| 856 |
4 |
0 |
|u http://proxy.library.tamu.edu/login?url=https://search.proquest.com/docview/2240961681
|z Connect to the full text of this electronic book
|t 0
|
| 999 |
f |
f |
|s 57b48e26-6606-3b80-b971-03ffa59f3627
|i d46a8988-7209-3bad-b4ad-c9ed53a2c5ea
|t 0
|
| 952 |
f |
f |
|a Texas A&M University
|b College Station
|c Electronic Resources
|d Available Online
|t 0
|h No information provided
|
| 998 |
f |
f |
|t 0
|l Available Online
|